| 000 | 00928nam a2200253 a 4500 | ||
|---|---|---|---|
| 001 | 000042958 | ||
| 005 | 20250213082607.0 | ||
| 008 | 140213s2012 dr r 000 f spa d | ||
| 020 | _a9789945443820 | ||
| 040 |
_aDO-SdBNP _bspa _cBNPHU |
||
| 082 |
_aRD863.44 _bP433c |
||
| 100 | 1 |
_aPerdomo, Miguel Aníbal, _d1949- _96428 |
|
| 245 | 1 | 0 |
_aCornalina. / _cMiguel Aníbal Perdomo. |
| 260 |
_aSanto Domingo, : _bBanco Central de la República Dominicana, _c2012. |
||
| 300 |
_a111 p. ; _c23 cm. |
||
| 490 | 1 |
_aBanco Central de la República Dominicana _v177 |
|
| 490 | 1 |
_aArte y literatura _v60 |
|
| 500 | _aIncluye datos biografícos del autor en las solapas | ||
| 590 | _aInventariado, 2018/BT | ||
| 650 | 4 |
_aNovela policíaca dominicana _929211 |
|
| 650 | 0 |
_aLiteratura dominicana. _967 |
|
| 830 | 0 |
_aBanco Central de la República Dominicana _n177 _pArte y literatura; 60 _970444 |
|
| 910 | _aValidado. Control de calidad. MFF | ||
| 999 |
_c42447 _d42447 |
||